00396nam a2200181Ia 4500003000900000008004100009040001300050040001300063041000800076100002100084245005400105250001100159260000800170260000900178300001100187300001000198490000600208IT-RoPAU120407s9999 xx 000 0 und d aIT-RoPAU cIT-RoPAU aita aGiovanni Paolo I aIl buon Samaritano. Corso di Esercizi Spirituali. aPadova aEMP c1980 a373 p. c21 cm v1